Les armes nucléaires dans le monde - Statistiques

Statistiques générales
  • Ce quiz a été pris 356 fois
  • Le résultat moyen est 7 sur 9
Statistiques - réponses
Ogives disponibles immédiatement Ogives en réserve Pays % Correct
1625 4630 Russie
99%
1800 3750 Etats-Unis
97%
280 10 France
88%
0 350 Chine
85%
120 105 Royaume-Uni
79%
0 156 Inde
64%
0 165 Pakistan
62%
0 45 Corée-du-Nord
61%
0 90 Israël
55%
Aucun quiz correspondant
Distribution des résultats
% des personnes avec chaque résultat
Percentile par nombre de réponses
Votre historique - résultats
Vous n’avez pas pris ce quiz